| 000 | 03116nam a2200277 4500 | ||
|---|---|---|---|
| 001 | ESSALUD | ||
| 005 | 20260701121035.0 | ||
| 007 | ta | ||
| 008 | t pe ||||| |||| 00| 0 spa d | ||
| 040 | _aBMG | ||
| 041 | _aspa | ||
| 100 |
_aPeralta Tripul, Gabriel _eAutor _950806 |
||
| 245 | _aEl rol del defensor público de Familia en la materialización del principio protector de menores y personas vulnerables "Casos de éxito" | ||
| 246 | _aThe role of the public Family defender in the materialization of the protective principie for minors and vulnerable persons "Success cases" | ||
| 300 | _apáginas 46-61 | ||
| 520 | _aEl autor postula que el Defensor Público de Familia actúa como un intermediario entre la aplicación efectiva del principio protector de menores y personas vulnerables en el ámbito familiar. Para ello desarrolla al "principio protector" y lo distribuye en cuatro "sub-principios": a) principio del interés superior del niño; b) principio de solidaridad familiar; c) principio protector del adulto mayor; y, d) principio protector de la persona con discapacidad. Más allá del reconocimiento constitucional de dicho principio, el autor demuestra que este se materializa en la práctica judicial a través de la intervención activa del defensor, quien articula la tutela de los derechos fundamentales de los sujetos de especial protección. Este análisis se sustenta en la experiencia práctica del autor y casos de éxito que fueron patrocinados en la Defensa Pública, a fin de evidenciar que la actuación del Defensor Público de Familia garantiza el acceso a la justicia de los sujetos más vulnerables. | ||
| 520 | _aThe author posits that the Public Family Defender acts as an intermediary far the effective application of the protective principle for minors and vulnerable persons within the Family sphere. To this end, develops the concept of the "protective principle" categorizing it into four "sub -principles": a) the principle of the best interests of the child; b} the principle of family solidarity; c) the protective principle for the elderly; and d) the protective principle far persons with disabilities. Beyond the constitutional recognition of this principle, the author demonstrates that it materializes in judicial practice through the active intervention of the defender, who articulates the protection of the fundamental rights of subjects requiring special protection. This analysis is supported by the author’s practical experience and success cases sponsored by the Public Defense Service, aiming to evidence that the actions of the Public Family Defender guarantee access to justice far the most vulnerable individuals. | ||
| 650 |
_aDEFENSA PÚBLICA _953049 |
||
| 650 |
_aPRINCIPIO PROTECTOR _953050 |
||
| 650 |
_aSUJETOS VULNERABLES _953051 |
||
| 650 |
_aPUBLIC DEFENSE _953052 |
||
| 650 |
_aPROTECTIVE PRINCIPLE _953053 |
||
| 650 |
_aVULNERABLE SUBJECTS _953054 |
||
| 773 | 0 |
_022573 _922621 _dLima Grupo Praxis Formación Profesional, 2026- _oPRA002 _tPraxis Civil & Procesal Civil _wESSALUD _x3119-7671 |
|
| 942 |
_cARTICULOS _e2026-07-01 _zsqb |
||
| 999 |
_c22595 _d22595 |
||